Chapter 8 How Being Better Off Is Bad for You (Record no. 12639)

MARC details
000 -LEADER
fixed length control field 00533nam a2200121Ia 4500
008 - FIXED-LENGTH DATA ELEMENTS--GENERAL INFORMATION
fixed length control field 220615s9999||||xx |||||||||||||| ||und||
100 ## - MAIN ENTRY--PERSONAL NAME
Personal name Fourie, Carina
245 #0 - TITLE STATEMENT
Title Chapter 8 How Being Better Off Is Bad for You
Remainder of title Implications for Distribution, Relational Equality, and an Egalitarian Ethos
546 ## - LANGUAGE NOTE
Language note English[eng]
650 ## - SUBJECT ADDED ENTRY--TOPICAL TERM
Topical term or geographic name entry element philosophy, autonomy, feminist philosophy, political philosophy, ethics, equity, social philosophy
856 ## - ELECTRONIC LOCATION AND ACCESS
Uniform Resource Identifier <a href="https://library.oapen.org/bitstream/20.500.12657/50844/1/9780367823344.pdf">https://library.oapen.org/bitstream/20.500.12657/50844/1/9780367823344.pdf</a>
942 ## - ADDED ENTRY ELEMENTS (KOHA)
Koha item type E-Books
Holdings
Withdrawn status Lost status Damaged status Not for loan Home library Current library Date acquired Total Checkouts Date last seen Price effective from Koha item type
        Kerala University of Digital Sciences, Innovation and Technology Knowledge Centre Kerala University of Digital Sciences, Innovation and Technology Knowledge Centre 15/06/2022   15/06/2022 15/06/2022 E-Books